000 00569nam a2200193Ia 4500
005 20250326140746.0
008 250326s9999 xx 000 0 und d
020 _a81-7366-139-1
037 _aTextbook
040 _aFMSL
_beng
_cFMSL
041 _aeng
_2eng
084 _aD658(2:55) P0
_qFMSL
100 _aSpector David Hm
245 0 _aBuilding linux clusters
_cSpector David Hm
260 _aMumbai
_bMumbai, Shroff Publishers & Distributors Pvt. Ltd.
_c2000
300 _axviii,332
942 _cTB
_hD658(2:55) P0
999 _c1287167
_d1287167